LEADER 01506nam 2200373 450 001 000013837 005 20070503173100.0 010 $a0391-8475 100 $a20030606d1999----km-y0itay0103----ba 101 0 $aita 102 $aIT 200 1 $a<> laici nella Chiesa e nella società secondo Pier Damiani$eceti dominanti e riforma ecclesiastica nel secolo 11.$fNicolangelo D'Acunto 200 1 $a1 $n0001204 210 $aRoma$cnella sede dell'Istituto$d1999 225 2 $aNuovi studi storici$fIstituto storico italiano per il Medioevo$v50 410 0$12001$aNuovi studi storici$fIstituto storico italiano per il Medioevo$v50 600 0$aPier : Damiani$c 676 $a270.3092$v(21. ed.)$9Storia della Chiesa. 787-1054. Persone 700 1$aD'Acunto,$bNicolangelo$0266244 801 0$aIT$bUniversità della Basilicata - B.I.A.$gRICA$2unimarc 912 $a000013837 996 $aLaici nella Chiesa e nella societ? secondo Pier Damiani$981288 997 $aUNIBAS BAS $aLETTERE CAT $aSTD022$b01$c20030606$lBAS01$h1125 CAT $aDILEO$b21$c20031001$lBAS01$h1233 CAT $c20050601$lBAS01$h1755 CAT $abatch$b01$c20050718$lBAS01$h1052 CAT $c20050718$lBAS01$h1111 CAT $c20050718$lBAS01$h1141 CAT $c20050718$lBAS01$h1155 CAT $aBATCH$b00$c20070503$lBAS01$h1731 FMT Z30 -1$lBAS01$LBAS01$mBOOK$1BASA1$APolo Storico-Umanistico$2DSLA$BCollezione DiSSLA$3DD/5211$65211$5D5211$820030606$f04$FPrestabile Didattica LEADER 01414nam2 2200361 i 450 001 UBO0257928 005 20231121125852.0 010 $a8815052429 020 $aIT$b96-11338 100 $a19961116d1996 ||||0itac50 ba 101 | $aita 102 $ait 181 1$6z01$ai $bxxxe 182 1$6z01$an 200 1 $a˜8: œFrancia, Italia e Spagna, 1900-1950$fRene Wellek 210 $aBologna$cIl mulino$d\1996! 215 $a506 p.$d22 cm 300 $aEd. italiana a cura di Agostino Lombardo 300 $aTrad. di Giovanni Luciani. 461 1$1001CFI0167189$12001 $aStoria della critica moderna$fRené Wellek$v8 606 $aCritica letteraria$xStoria$2FIR$3RMLC010599$9I 676 $a801.9509$9$v21 700 1$aWellek$b, René$3CFIV015682$4070$0384794 801 3$aIT$bIT-01$c19961116 850 $aIT-RM028 $aIT-RM0418 $aIT-FR0017 899 $aBiblioteca Universitaria Alessandrina$bRM028 899 $aBIBLIOTECA ACCADEMIA NAZ. DEI LINCEI E CORSINIANA$bRM0418 $4v. 8$eN 899 $aBiblioteca umanistica Giorgio Aprea$bFR0017 $eN 912 $aUBO0257928 950 2$aBiblioteca umanistica Giorgio Aprea$d 52MAG 13/716.8$e 52FLS0000220425 VMN RS $fA $h20150304$i20150304 977 $a 01$a 10$a 52 996 $aFrancia, Italia e Spagna 1900-1950$9857449 997 $aUNICAS